000 00478nam a2200181Ia 4500
003 GCL
008 140319s9999 xx 000 0 eng d
040 _aGCL /
_cGCL
082 0 4 _aCC
_b916.204
_bG V
100 1 _aGALLIPOLI, BERMARDINO AMICO
245 1 0 _aVOYAGES EN EGYPTE DES ANEES 1597 - 1601 /
_cGALLIPOLI, BERMARDINO AMICO
260 _a[S.N] :
_bIFAO ،
_c1974
300 _a252 P
650 0 4 _aEGYPT
650 0 4 _aTRAVELS
650 0 4 _aCOLLECTIONS
942 _2ddc
_cBK
999 _c17536
_d17536